000 00893nas a2200301 4500
001 BR2010005796
003 BR-BrBNA
005 20231205114754.0
007 ta
008 230509b bl.|||p| |||| 00| 00por d
040 _aBR-BrBNA
_bpor
_cBiblioteca Nacional de Agricultura
041 _a(Pt)
072 _aF30
100 1 _aBlank, A.F.
100 1 _aSouza, E.M. de
100 1 _aPaula, J.W.A de
100 1 _aAlves, P.B.
245 1 _aComportamento fenotípico e genotípico de populações de manjericão
650 _aMANJERICÃO
650 _aPLANTA MEDICINAL
650 _aPLANTA AROMÁTICA
650 _aÓLEO ESSENCIAL
650 _aPARÂMETRO GENÉTICO
650 _aGENÓTIPO
773 0 _tHorticultura Brasileira (Brazil)
_xISSN 0102-0536
_g(Jul-Sep 2010), v. 28(3) p. 305-310
_wBR2010005796
909 _a202311
_bLúcia
_c55
_dLúcia Elande
942 _2AGRIS
_n0
_cANA
999 _c210410
_d210410